The use and abuse of paper: essays on Alvar Aalto (Record no. 61106)

MARC details
000 -LEADER
fixed length control field 00601nam a2200169 a 4500
008 - FIXED-LENGTH DATA ELEMENTS--GENERAL INFORMATION
fixed length control field 120416s1999 ||||||||||||||||| || u
020 ## - INTERNATIONAL STANDARD BOOK NUMBER
International Standard Book Number 9521502673
050 ## - LIBRARY OF CONGRESS CALL NUMBER
Classification number NA 737.A21 Jor
100 ## - MAIN ENTRY--PERSONAL NAME
Personal name Graf, D
245 14 - TITLE STATEMENT
Title The use and abuse of paper: essays on Alvar Aalto
260 ## - PUBLICATION, DISTRIBUTION, ETC.
Place of publication, distribution, etc. Tampere
Name of publisher, distributor, etc. Tampere University of Technology
Date of publication, distribution, etc. 1999
350 ## - PRICE (NR) (BK AM CF MU VM SE) [OBSOLETE]
Price 0.00
650 ## - SUBJECT ADDED ENTRY--TOPICAL TERM
Topical term or geographic name entry element TEXTBOOKS
650 ## - SUBJECT ADDED ENTRY--TOPICAL TERM
Topical term or geographic name entry element STRUCTURES--ARCHITECTURE
700 ## - ADDED ENTRY--PERSONAL NAME
Personal name Jarmakka, K
995 ## - RECOMMENDATION 995 [LOCAL, UNIMARC FRANCE]
-- 0.00
-- CBU-MAIN LIBRARY (Kitwe)
-- 1
-- 9.99
-- 1
-- AVAILABLE
-- Main Library Open Access Collection
Holdings
Withdrawn status Lost status Source of classification or shelving scheme Damaged status Not for loan Home library Current library Shelving location Date acquired Total Checkouts Full call number Barcode Date last seen Price effective from Koha item type
          CBU-MAIN LIBRARY, KITWE. CBU-MAIN LIBRARY, KITWE.   11/30/2022   NA 737.A21 Jor 029217 11/30/2022 11/30/2022 MONOGRAPH